| 000 | 00618nam a2200205Ia 4500 | ||
|---|---|---|---|
| 008 | 131103s9999 xx 000 0 und d | ||
| 020 |
_a8185727457 _cRs.250.00 |
||
| 040 | _aLoreto College | ||
| 041 | _aEnglish | ||
| 082 |
_a891.431/NIR-SIN _bLCLIB/45336 |
||
| 100 | _aSingh,Indra Raj | ||
| 245 |
_aNirala kavya mein vividh ayam _cIndra Raj Singh |
||
| 260 |
_aNew Delhi _bTakshila Prakasan _c1997 |
||
| 300 |
_a255 p. _c 21 cm. |
||
| 630 | _aNirala - Criticism and interpretation | ||
| 650 | _aNirala | ||
| 651 | _aHindi poetry - Criticism and intepretation | ||
| 850 | _aLCLIB/891.431/NIR-SIN | ||
| 942 | _cBK | ||
| 999 |
_c18117 _d68596 |
||